| 000 | 00409nam a22001577a 4500 | ||
|---|---|---|---|
| 999 |
_c9158 _d9158 |
||
| 003 | GBCCL | ||
| 005 | 20241126110706.0 | ||
| 008 | 220419b ||||| |||| 00| 0 eng d | ||
| 040 | _cgbc | ||
| 082 |
_a231.5 _bNEI |
||
| 100 |
_aNeihsial, Tualchin _910349 |
||
| 245 | _aLaisiangthou a Pasian min hong kizatdan | ||
| 260 |
_aLamka : _bThe Bible review publications, _c1988. |
||
| 300 | _a32p. ; | ||
| 942 |
_2ddc _cBK |
||